Statistics for 20 Most common Dutch words

Click here to take the quiz!

General Stats

  • This quiz has been taken 294 times
  • The average score is 10 of 20

Answer Stats

RankWord% Correct
1ik
87%
4de
81%
3het
81%
7een
77%
2je
61%
17hij
60%
18zijn
56%
9en
53%
12we
50%
14ze
49%
5is
46%
15op
45%
6dat
37%
11van
37%
10wat
37%
13in
36%
20maar
31%
8niet
31%
19er
26%
16te
25%

Score Distribution

Percentile by Number Answered

Percent of People with Each Score

Your Score History

You have not taken this quiz